000 00903aam a2200337 4500
005 20260427161225.0
008 150414b1995 xxu||||| |||| 00| 0 spa d
020 _a8480882042
041 _aESP
082 _a651.3 B486m
100 _aBercovici, Geneviev
_921549
100 _aHarache, Christine
_921550
245 _aManual de la secretaria eficaz
260 _aEspaña
260 _bGestión 2000
260 _c1995
300 _a159 páginas
490 _aSecretariado Ejecutivo
490 _aDirección y Administración de Empresas
650 _aMANEJO DE LA OFICINA
650 _aSECRETARIA EJECUTIVA
650 _aCOMUNICACIÓN ESCRITA
650 _aENTREVISTAS SIMULTÁNEAS
650 _aCLIENTE INTERNO
650 _aCOMUNICACIÓN ORAL
650 _aGESTIONAR LA INFORMACIÓN
650 _aREUNIONES
650 _aINFORMES
650 _aOFICINAS
942 _cBK
_2ddc
999 _c893
_d893